000 00541nam a2200217Ia 4500
003 OSt
005 20220924145607.0
006 a|||||r|||| 00| 0
007 ta
008 220923b |||||||| |||| 00| 0 per d
024 _a329480
037 _cTextual
040 _aARTS
_cARTS
_bper
041 _2per
_aper
082 _aO164,1F41,5:g, D3
245 0 _aSharah Sikandar nama ulemai kolkata
260 _c1903
650 _aPERSIAN POETRY
942 _hO164,1F41,5:g, D3
_cTEXL
_2CC
999 _c460589
_d460589